| 000 | 00630cam a2200241 4500 | ||
|---|---|---|---|
| 008 | 090401t1988 xxu||||| |||| 00| 0 eng d | ||
| 020 | _a0907004806 | ||
| 035 | _a(Sirsi) u46718 | ||
| 041 | _aeng | ||
| 050 | _a333.336016 | ||
| 110 |
_aHillier Parker Research _92002 |
||
| 245 | _aHi-tech rent index . - No. 1 (January 1988) | ||
| 260 |
_aLondon _bHillier Parker May and Rowden _c1988 |
||
| 300 | _a6p. ; 30cm. | ||
| 350 | _a3.1 | ||
| 650 | _aHIGH TECHNOLOGY | ||
| 650 | _aINDICES | ||
| 650 | _aPROPERTY INDEXES | ||
| 650 | _aRENT INDEX | ||
| 710 |
_aInvestors Chronicle _92657 |
||
| 942 | _n0 | ||
| 948 | _c04/03/1997 | ||
| 999 |
_c91981 _d91981 |
||